Các nguyên lí y học nội khoa Harrison's principles of internal medicine; T1

Bewaard in:
Bibliografische gegevens
Hoofdauteur: Kurt J. Isselbacher ...[et al.]
Formaat: Boek
Taal:Undetermined
Gepubliceerd in: Hà Nội Y học 1999
Onderwerpen:
Tags: Voeg label toe
Geen labels, Wees de eerste die dit record labelt!
Thư viện lưu trữ: Trung tâm Học liệu Trường Đại học Cần Thơ
LEADER 00562nam a2200181Ia 4500
001 CTU_37439
008 210402s9999 xx 000 0 und d
082 |a 616 
082 |b H318/T1 
100 |a Kurt J. Isselbacher ...[et al.] 
245 0 |a Các nguyên lí y học nội khoa 
245 0 |b Harrison's principles of internal medicine; T1 
245 0 |c Kurt J. Isselbacher ...[et al.], Harrison 
260 |a Hà Nội 
260 |b Y học 
260 |c 1999 
650 |a internal medicine 
980 |a Trung tâm Học liệu Trường Đại học Cần Thơ